000
00475nam a2200181Ia 4500
008
100917s9999 xx 000 0 und d
082
_b
62611
100
_a
काळे वैजयंती
245
_a
शर्यत
260
_b
दिलीप प्रकाशन
_c
1983
300
_a
286
365
_b
40
520
_a
कादंबरी
630
_a
शर्यत
650
_a
कादंबरी
730
_a
शर्यत
942
_c
BOOK
999
_c
668005
_d
668002